| 000 | 00622nam a2200241Ia 4500 | ||
|---|---|---|---|
| 003 | OSt | ||
| 005 | 20220918174833.0 | ||
| 006 | a|||||r|||| 00| 0 | ||
| 007 | ta | ||
| 008 | 220917b |||||||| |||| 00| 0 eng d | ||
| 024 | _a14,357 | ||
| 037 | _cTextual | ||
| 040 |
_aARTS _cARTS _beng |
||
| 041 |
_2eng _aeng |
||
| 082 | _aNQ8,N4, N2 | ||
| 100 |
_aLayton Robert _951933 |
||
| 245 | 0 |
_aAustralian rock art _b A new synthesis |
|
| 260 |
_aCambridge _bUniv Press _c1992 |
||
| 300 |
_axi, 284p. _ccm. |
||
| 650 | _aARTS | ||
| 942 |
_hNQ8,N4, N2 _cTEXL _2CC |
||
| 999 |
_c154905 _d154905 |
||